• 首页
  • 本馆介绍
  • 公告通知
  • 最新文献
  • 馆藏检索
  • 电子资源
  • 读者导购
  • 参考咨询
  • 我的图书馆
  • 登录
  • 详细信息显示
  • 放入我的书架
  • 预约/预借图书
  • 作者相关作品
  • 分类相关作品
  • 丛书相关作品
  • 出版社相关作品

书目信息

  • 表格格式
  • 工作单格式
  • 卡片格式
书名: The Blackwell companion to philosophy
作者: edited by Nicholas Bunnin and E.P. Tsui-James
分册号:
分册名:
出版地: Oxford, UK ;
 
出版社: Blackwell
出版时间: 2003.
页数: xvii, 786 p. ;
开本: 25 cm.
丛书名: Blackwell companions to philosophy
中图分类号:
科图分类号:
其他分类号: B632
主题词:
电子资源:
000 01132nam 2200313 a 4500
001 E0763584867
004 000809716
005 20070514174638.93
008 4001uueng0000000
008 020214s2003----enk------b----001-0-eng--
010    @a2002023053
020    @a0-631-18789-8.
035    @a(DLC)790
035    @a(DLC) 2002023053
040    @aDLC @cDLC
042    @apcc
050 00 @aB21 @b.B56 2003
082 00 @a100 @221
090    @aB0 @bB632/2003
090    @aB632
099    @dB632@ex7
245 04 @aThe Blackwell companion to philosophy / @cedited by Nicholas Bunnin and E.P. Tsui-James
260    @aOxford, UK ;@aMalden, MA :@bBlackwell,@c2003.
300    @axvii, 786 p. ;@c25 cm.
440  0 @aBlackwell companions to philosophy
504    @aIncludes bibliographical references and index.
650  0 @aPhilosophy.
700 1  @aBunnin, Nicholas.
700 1  @aTsui-James, E. P. @b02 @c20030213 @lNLC09 @h0837 @b00 @c20030213 @lNLC09 @h0838 @b00 @c20030213 @lNLC09 @h0838 @b40 @c20030228 @lNLC09 @h1640 @b00 @c20030228 @lNLC09 @h1640 @b00 @c20030228 @lNLC09 @h1641 @b40 @c20030530 @lNLC09 @h1708
    
    The Blackwell companion to philosophy / / edited by Nicholas Bunnin and E.P. Tsui-James.-Oxford, UK ; ; Malden, MA : : Blackwell, , 2003.
    xvii, 786 p. ; ; 25 cm.- (Blackwell companions to philosophy )
    Includes bibliographical references and index.
    
    ISBN 0-631-18789-8.
    
●
相关链接 在E读中查询图书 在五车中查询图书 在当当中查询图书 在豆瓣中查询图书


正题名:Blackwell companion to philosophy     索取号:B632/x7         预约/预借

序号 登录号 条形码 馆藏地/架位号 状态 备注
1 0009044   300090443   第二样本阅览室/ [索取号:B632/x7] 在馆    
2 0009045   300090452   第四借阅区/ [索取号:B632/x7] 在馆    
3 0009046   300090461   第四借阅区/ [索取号:B632/x7] 在馆    
唐山师范学院图书馆 欢迎您!
大连网信软件有限公司© 版权所有